A cafetéria rendszer elemei, bevezetésének menete a Netfone Telecom Kft-nél

Bibliographic Details
Main Author: Kurucz Dorottya
Other Authors: Krajcsák Dr. Zoltán
Format: Project work
Kulcsszavak:Cafeteria
Cafeteria rendszer
Ösztönzés
Online Access:http://dolgozattar.uni-bge.hu/16906

MARC

LEADER 00000nnm a2200000 i 4500
001 dolg16906
005 20180515165031.0
008 180515suuuu hu o 000 hun d
040 |a BGE Dolgozattár Repozitórium  |b hun 
041 |a hu 
100 1 |a Kurucz Dorottya 
245 1 2 |a A cafetéria rendszer elemei, bevezetésének menete a Netfone Telecom Kft-nél  |c Kurucz Dorottya  |h [elektronikus dokumentum] 
246 1 1 |a A cafetéria rendszer elemei, bevezetésének menete a Netfone Telecom Kft-nél 
516 |a Project_work 
695 |a Cafeteria 
695 |a Cafeteria rendszer 
695 |a Ösztönzés 
700 1 |a Krajcsák Dr. Zoltán  |e ths 
856 4 0 |u http://dolgozattar.uni-bge.hu/16906/1/A%20cafet%C3%A9ria%20rendszer%20elemei%2C%20bevezet%C3%A9s%C3%A9nek%20menete%20a%20Netfone%20Telecom%20Kft-n%C3%A9l.pdf  |z Dokumentum-elérés